| 000 | 00474nam a22001817a 4500 | ||
|---|---|---|---|
| 999 |
_c18881 _d18881 |
||
| 008 | 210414b xxu||||| |||| 00| 0 eng d | ||
| 020 | _a118660218 | ||
| 050 |
_aHG1615 _b.B47 2015 c.1 |
||
| 100 | _aBessis, Joel | ||
| 245 |
_aRisk Management in Banking _cJoel Bessis |
||
| 250 | _a4th ed. | ||
| 260 |
_aIndia _bWiley _c2015 |
||
| 300 | _ax, 364p. | ||
| 650 | _aBank management | ||
| 650 | _aRisk management | ||
| 650 |
_aAsset _vliability management |
||
| 942 |
_2lcc _cBK |
||